Numerical simulation of the ignition of liquid fuel with a limited-energy source under turbulent flow conditions; Russian Journal of Physical Chemistry B; Vol. 7, iss. 3
| Parent link: | Russian Journal of Physical Chemistry B: scientific journal.— , 1982- Vol. 7, iss. 3.— 2013.— [P. 302-312] |
|---|---|
| Tác giả chính: | |
| Tác giả của công ty: | |
| Tác giả khác: | |
| Tóm tắt: | Title screen The ignition of a typical liquid fuel with a limited-energy source, a small metal particle heated to high temperature is numerically simulated with consideration given to the possible turbulization of the fuel vapor flow. The dependences of the integral ignition characteristics on the key parameters of the local heat source are established. The integral ignition characteristics, as well as the fields of fuel vapor concentrations and velocities predicted by models accounting for the laminar and turbulent modes of the vapor-oxidizer mixture flow are compared. Режим доступа: по договору с организацией-держателем ресурса |
| Ngôn ngữ: | Tiếng Anh |
| Được phát hành: |
2013
|
| Những chủ đề: | |
| Truy cập trực tuyến: | http://dx.doi.org/10.1134/S1990793113030068 |
| Định dạng: | Điện tử Chương của sách |
| KOHA link: | https://koha.lib.tpu.ru/cgi-bin/koha/opac-detail.pl?biblionumber=649405 |
MARC
| LEADER | 00000naa0a2200000 4500 | ||
|---|---|---|---|
| 001 | 649405 | ||
| 005 | 20250305103835.0 | ||
| 035 | |a (RuTPU)RU\TPU\network\14567 | ||
| 035 | |a RU\TPU\network\14566 | ||
| 090 | |a 649405 | ||
| 100 | |a 20160711d2013 k||y0rusy50 ba | ||
| 101 | 0 | |a eng | |
| 102 | |a RU | ||
| 135 | |a drcn ---uucaa | ||
| 181 | 0 | |a i | |
| 182 | 0 | |a b | |
| 200 | 1 | |a Numerical simulation of the ignition of liquid fuel with a limited-energy source under turbulent flow conditions |f G. V. Kuznetsov, P. A. Strizhak | |
| 203 | |a Text |c electronic | ||
| 300 | |a Title screen | ||
| 320 | |a [References: p. 311-312 (28 tit.)] | ||
| 330 | |a The ignition of a typical liquid fuel with a limited-energy source, a small metal particle heated to high temperature is numerically simulated with consideration given to the possible turbulization of the fuel vapor flow. The dependences of the integral ignition characteristics on the key parameters of the local heat source are established. The integral ignition characteristics, as well as the fields of fuel vapor concentrations and velocities predicted by models accounting for the laminar and turbulent modes of the vapor-oxidizer mixture flow are compared. | ||
| 333 | |a Режим доступа: по договору с организацией-держателем ресурса | ||
| 461 | |t Russian Journal of Physical Chemistry B |o scientific journal |d 1982- | ||
| 463 | |t Vol. 7, iss. 3 |v [P. 302-312] |d 2013 | ||
| 610 | 1 | |a электронный ресурс | |
| 610 | 1 | |a труды учёных ТПУ | |
| 610 | 1 | |a зажигание | |
| 610 | 1 | |a жидкое топливо | |
| 610 | 1 | |a турбулентность | |
| 610 | 1 | |a тепломассообмен | |
| 610 | 1 | |a источники энергии | |
| 700 | 1 | |a Kuznetsov |b G. V. |c Specialist in the field of heat power energy |c Professor of Tomsk Polytechnic University, Doctor of Physical and Mathematical Sciences |f 1949- |g Geny Vladimirovich |3 (RuTPU)RU\TPU\pers\31891 |9 15963 | |
| 701 | 1 | |a Strizhak |b P. A. |c Specialist in the field of heat power energy |c Doctor of Physical and Mathematical Sciences (DSc), Professor of Tomsk Polytechnic University (TPU) |f 1985- |g Pavel Alexandrovich |3 (RuTPU)RU\TPU\pers\30871 |9 15117 | |
| 712 | 0 | 2 | |a Национальный исследовательский Томский политехнический университет |b Энергетический институт |b Кафедра теоретической и промышленной теплотехники |3 (RuTPU)RU\TPU\col\18679 |9 27132 |
| 801 | 2 | |a RU |b 63413507 |c 20160711 |g RCR | |
| 856 | 4 | |u http://dx.doi.org/10.1134/S1990793113030068 | |
| 942 | |c CF | ||